Strange Encounters : (Record no. 608645)

MARC details
000 -LEADER
fixed length control field 00499nam a2200193 a 4500
008 - FIXED-LENGTH DATA ELEMENTS--GENERAL INFORMATION
fixed length control field 260120s2000##################000#0#eng##
020 ## - INTERNATIONAL STANDARD BOOK NUMBER
ISBN 9780415201841
082 04 - DEWEY DECIMAL CLASSIFICATION NUMBER
Classification number 303.482
Item number AHM
100 1# - MAIN ENTRY--AUTHOR NAME
Personal name Ahmed, Sara,
245 10 - TITLE STATEMENT
Title Strange Encounters :
260 ## - PUBLICATION, DISTRIBUTION, ETC. (IMPRINT)
Name of publisher Transformations (Routledge Har,
Year of publication 2000.
300 ## - PHYSICAL DESCRIPTION
Number of Pages 212 pages
650 #0 - SUBJECT ADDED ENTRY--TOPICAL TERM
Topical Term History.
942 ## - ADDED ENTRY ELEMENTS (KOHA)
Koha item type English Books
Holdings
Withdrawn status Lost status Damaged status Not for loan Home library Current library Shelving location Date acquired Full call number Accession Number Price effective from Koha item type
        Anna Centenary Library Anna Centenary Library 3RD FLOOR, B WING 20.01.2026 303.482 AHM 175167 20.01.2026 English Books

Find us on the map